Software testing : (Record no. 62262)

MARC details
000 -LEADER
fixed length control field 00531nam a22001697a 4500
005 - DATE AND TIME OF LATEST TRANSACTION
control field 20180712102831.0
020 ## - INTERNATIONAL STANDARD BOOK NUMBER
International Standard Book Number 0070583528
Terms of availability 00.00
035 ## - SYSTEM CONTROL NUMBER
System control number B-157981,B-157478
037 ## - SOURCE OF ACQUISITION
Stock number DPL
Source of stock number/acquisition ENG
100 ## - MAIN ENTRY--PERSONAL NAME
Personal name Rajani, Renu
245 ## - TITLE STATEMENT
Title Software testing :
Remainder of title Effective methods, tools and techniques /
Statement of responsibility, etc by Renu Rajani and Pradeep Oak
250 ## - EDITION STATEMENT
Edition statement 3rd rpr.
260 ## - PUBLICATION, DISTRIBUTION, ETC. (IMPRINT)
Place of publication, distribution, etc New Dehli
Name of publisher, distributor, etc Tata McGraw-Hill Publishing
Date of publication, distribution, etc 2006
300 ## - PHYSICAL DESCRIPTION
Extent xxi, 311p.
Dimensions 22 cms.
700 ## - ADDED ENTRY--PERSONAL NAME
Personal name Oak, Pradeep
9 (RLIN) 41190
942 ## - ADDED ENTRY ELEMENTS (KOHA)
Source of classification or shelving scheme Dewey Decimal Classification
Item type English Books
Classification part 005.3
Call number suffix REN
Holdings
Withdrawn status Lost status Not for loan Collection code Home library Current library Date acquired Cost, normal purchase price Full call number Barcode Cost, replacement price Koha item type Source of acquisition
      Non-fiction Sarojini Nagar Sarojini Nagar 08/02/2012 0.00 005.3 REN B-157981 0.00 English Books  
      Non-fiction Tri Nagar Tri Nagar 12/07/2018 0.00 005.3 REN B-157478 0.00 English Books BPPD/pub

© Delhi Public Library
Hit Counter
free hit counter